000 01830nam a2200397 4500
001
003 DO-SdBNP
005 20171127121114.0
007 000028487
008 110408t1996 pr a 001 0 spa d
020 _a
040 _aBPMSU
_bspa
_cBPMSU
092 _a
_b
100 _aDelgado Mercado, Osiris,
_d1920-2017
111 2 _aSeminario internacional "El exilio republicano español en la sociedad dominicana"
_d(2010 : mar 4-5:
_cSanto Domingo, República Dominicana)
245 1 3 _aSobre el lugar del descubrimiento de Puerto Rico /
_cOsiris Delgado, Adam Szászdi, Ricardo Alegría
246 1 2 _aInforme realizado por encomienda de la Academia Puertorriqueña de la Historia
260 _aPuerto Rico :
_bAcademia Puertorriqueña de la Historia,
_b
_b
_c1998.
300 _a110 p. ;
_bmaps
_c21 cm.
500 _a"Esta publicación corresponde al Boletín de la Academia Puertorriqueña de la Historia, Vol. XVII, Núm. 53, 1ro de enero de 1996."
500 _aBoletín de la Academia Puertorriqueña de la Historia.
650 4 _aEXPATRIACIÓN
_zESPAÑA
_xCONGRESOS, CONFERENCIAS, ETC.
650 4 _aREFUGIADOS POLÍTICOS
_xCONGRESOS, CONFERENCIAS, ETC.
651 4 _aREPÚBLICA DOMINICANA
_xHISTORIA
_yERA DE TRUJILLO, 1930-1961
651 4 _aREPÚBLICA DOMINICANA
_xEMIGRACIÓN E INMIGRACIÓN
_xCONGRESOS, CONFERENCIAS, ETC.
651 4 _aESPAÑA
_xEMIGRACIÓN E INMIGRACIÓN
_xCONGRESOS, CONFERENCIAS, ETC.
651 4 _aESPAÑA
_xHISTORIA
_yGUERRA CIVIL, 1936-1939
_xCONGRESOS, CONFERENCIAS, ETC.
651 4 _aESPAÑOLES EN REPÚBLICA DOMINICANA
_xCONGRESOS, CONFERENCIAS, ETC.
830 0 _a
_v
830 0 _a
_v
910 _a
930 1 _l
_m
_8
_f
_p
_g
942 _2ddc
_cBK
945 _aInventariado extranjero 2017/ VM
956 _aVMATEO
_b10
_c20171127
_lBPMSU
_h00151
999 _c13126
_d13126